TOP 50 -WTA APRIL 2026 Quiz - Statistics

General Stats
  • This quiz has been taken 19 times
  • The average score is 44 of 50
Answer Stats
no. Player country % Correct
6. Amanda Anisimova USA
100%
1. Aryna Sabalenka Belarus
100%
11. Belinda Bencic Switzerland
100%
3. Coco Gauff USA
100%
2. Elena Rybakina Kazakhstan
100%
7. Elina Svitolina Ukraine
100%
20. Elise Mertens Belgium
100%
28. Emma Raducanu UK
100%
4. Iga Swiatek Poland
100%
8. Jasmine Paolini Italy
100%
23. Jelena Ostapenko Latvia
100%
5. Jessica Pegula USA
100%
25. Leylah Fernandez Canada
100%
38. Maria Sakkari Greece
100%
10. Mirra Andreeva Russia
100%
15. Naomi Osaka Japan
100%
37. Qinwen Zheng China
100%
29. Sorana Cirstea Romania
100%
9. Victoria Mboko Canada
100%
46. Alexandra Eala Philippines
93%
18. Clara Tauson Denmark
93%
12. Karolina Muchova Czechia
93%
21. Liudmila Samsonova Russia
93%
17. Madison Keys USA
93%
27. Marta Kostyuk Ukraine
93%
22. Anna Kalinskaya Russia
86%
36. Ann Li USA
86%
19. Diana Shnaider Russia
86%
13. Ekaterina Alexandrova Russia
86%
35. Hailey Baptiste USA
86%
41. Janice Tjen Indonesia
86%
33. Jaqueline Cristian Romania
86%
47. Jessica Bouzas Maneiro Spain
86%
43. Katerina Siniakova Czechia
86%
40. Lois Boisson France
86%
39. Magdalena Frech Poland
86%
30. Maya Joint Australia
86%
32. Xinyu Wang China
86%
42. Elisabetta Cocciaretto Italy
79%
26. Emma Navarro USA
79%
14. Linda Noskova Czechia
79%
16. Iva Jovic USA
71%
45. Marketa Vondrousova Czechia
71%
50. Tereza Valentova Czechia
71%
49. Dayana Yastremska Ukraine
64%
48. Mccartney Kessler USA
64%
24. Marie Bouzkova Czechia
57%
34. Sara Bejlek Czechia
57%
31. Cristina Busca Spain
50%
44. Peyton Stearns USA
50%
No matching quizzes found
Score Distribution
Percent of People with Each Score
Percentile by Number Answered
Your Score History
You have not taken this quiz